000 00488nam a2200181Ia 4500
008 221030s9999 xx 000 0 und d
020 _a8120304098
041 _aEnglish
082 _a105.23
_bLiu
100 _aY. C. Liu
245 0 _aMicrocomputer Systems : The 8086/ 8088 Family Architecture Programming & Design
_cby Y. C. Liu, G. A. Gibson
250 _a2nd
260 _bPHI
_aNew Delhi
_c1999
300 _a623
650 _aBE Computer
700 _aG. A. Gibson
942 _cBK
999 _c2548
_d2548